[Event "8th EUR-ch"]
[Site "Dresden GER"]
[Date "2007.04.13"]
[Round "10.191"]
[White "Kleinert, Juergen"]
[Black "Magar, Johannes"]
[Result "1-0"]
[WhiteElo "2060"]
[BlackElo "2093"]
[EventDate "2007.04.03"]
[PlyCount "37"]

1.e4 e5 2.Nc3 Nf6 3.f4 d5 4.fxe5 Nxe4 5.Nf3 Bc5 6.d4 Bb4 7.Bd2 Bg4 8.Be2 
Bxf3 9.Bxf3 Qh4+ 10.g3 Nxg3 11.hxg3 Qxg3+ 12.Ke2 Nc6 13.Nb5 O-O 14.Bxb4 
Nxe5 15.dxe5 Qxe5+ 16.Kf2 Rfe8 17.Qd3 g6 18.Bc3 Qe6 19.Rxh7 1-0

[Event "8th EUR-ch"]
[Site "Dresden GER"]
[Date "2007.04.13"]
[Round "10.192"]
[White "Hutchinson, Norman"]
[Black "Schiefner, Ray"]
[Result "1-0"]
[WhiteElo "2087"]
[BlackElo "2047"]
[EventDate "2007.04.03"]
[PlyCount "89"]

1.e4 e5 2.Nf3 Nc6 3.Bb5 Nf6 4.O-O Nxe4 5.Re1 Nd6 6.Nxe5 Nxe5 7.Rxe5+ Be7 
8.Ba4 O-O 9.Nc3 Bf6 10.Re1 c6 11.d4 Nf5 12.Ne2 d5 13.c3 a5 14.Nf4 b5 15.
Bc2 g6 16.Nd3 Be7 17.Bf4 Bd6 18.Qf3 Nh4 19.Qe3 Bf5 20.Bg5 Re8 21.Bxd8 Rxe3
22.Rxe3 Rxd8 23.g3 Bxd3 24.Bxd3 Nf5 25.Bxf5 gxf5 26.Rae1 Kf8 27.f4 Rb8 28.
Rc1 c5 29.Kg2 c4 30.Rb1 b4 31.Ree1 b3 32.a4 Rb6 33.Re2 Rb8 34.Rbe1 Rc8 35.
Kh3 Rd8 36.Kh4 h6 37.Kh5 Kg7 38.Re8 Rd7 39.Ra8 Bc7 40.Ra7 Kf8 41.Re5 f6 
42.Re6 Rd6 43.Rxd6 Bxd6 44.Rxa5 Bb4 45.Rxd5 1-0

[Event "8th EUR-ch"]
[Site "Dresden GER"]
[Date "2007.04.13"]
[Round "10.193"]
[White "Grosse, Manfred"]
[Black "Pick, Stefan"]
[Result "1-0"]
[WhiteElo "1955"]
[BlackElo "2083"]
[EventDate "2007.04.03"]
[PlyCount "81"]

1.d4 Nf6 2.Nf3 g6 3.c4 Bg7 4.Nc3 O-O 5.e4 d6 6.Be2 c5 7.O-O cxd4 8.Nxd4 
Nc6 9.Nxc6 bxc6 10.Qc2 Qc7 11.Bf4 Nd7 12.Rfd1 a5 13.Bg4 Nc5 14.Bxc8 Rfxc8 
15.Be3 Nd7 16.Na4 c5 17.Rd3 Ne5 18.Rb3 Rcb8 19.Rxb8+ Rxb8 20.Rd1 Rb4 21.b3
Nc6 22.Nc3 Bxc3 23.Qxc3 Qb7 24.Bh6 f6 25.Qh3 f5 26.exf5 Qd7 27.Qf3 Rb8 28.
Qd5+ Kh8 29.fxg6 hxg6 30.Bc1 a4 31.Bb2+ Nd4 32.Bxd4+ cxd4 33.Qxd4+ e5 34.
Qd3 axb3 35.axb3 Kg7 36.h3 Qf5 37.Qxd6 Rxb3 38.Qe7+ Kh6 39.g4 Qc8 40.Rd8 
Rb1+ 41.Kh2 1-0

[Event "8th EUR-ch"]
[Site "Dresden GER"]
[Date "2007.04.13"]
[Round "10.194"]
[White "Grigoryan, Meri"]
[Black "Marville, Gregoire"]
[Result "1/2-1/2"]
[WhiteElo "2058"]
[BlackElo "2031"]
[EventDate "2007.04.03"]
[PlyCount "48"]

1.e4 c5 2.b3 Nc6 3.Bb2 d6 4.Bb5 Bd7 5.f4 Nf6 6.d3 Qa5+ 7.Nc3 g6 8.Bxc6 
Bxc6 9.Qd2 Bg7 10.Nf3 b5 11.O-O Nh5 12.e5 Bxf3 13.Rxf3 dxe5 14.fxe5 Bxe5 
15.Re1 f6 16.Rxe5 fxe5 17.Qe3 O-O-O 18.Qxe5 Rhe8 19.Qxc5+ Kb7 20.Qxb5+ 
Qxb5 21.Nxb5 Rf8 22.Re3 Rf7 23.Nd4 Nf4 24.Nf3 Nd5 1/2-1/2

[Event "8th EUR-ch"]
[Site "Dresden GER"]
[Date "2007.04.14"]
[Round "11.10"]
[White "Ruck, Robert"]
[Black "Cheparinov, Ivan"]
[Result "0-1"]
[WhiteElo "2534"]
[BlackElo "2646"]
[EventDate "2007.04.03"]
[PlyCount "96"]

1.Nf3 d5 2.d4 Nf6 3.c4 e6 4.Nc3 c6 5.Bg5 h6 6.Bxf6 Qxf6 7.e3 g6 8.Bd3 Bg7 
9.O-O O-O 10.Qc2 Nd7 11.cxd5 exd5 12.b4 Qd6 13.Rab1 a6 14.a4 Re8 15.h3 Nf8
16.b5 axb5 17.axb5 c5 18.dxc5 Qxc5 19.Ne2 Ne6 20.Rfc1 Qb6 21.Nfd4 Ra3 22.
Nxe6 Bxe6 23.Nf4 d4 24.Nxe6 Rxe6 25.e4 Rc3 26.Qd2 g5 27.Rd1 Be5 28.Qe2 Rf6
29.g3 Qc5 30.Kg2 Kg7 31.Ra1 Bb8 32.Rh1 Qe5 33.Rad1 h5 34.Qxh5 Rxf2+ 35.
Kxf2 Qxg3+ 36.Kf1 Rxd3 37.Rxd3 Qxd3+ 38.Qe2 Qb3 39.h4 d3 40.Qe3 Qd1+ 41.
Kg2 Qc2+ 42.Qf2 Bf4 43.Kf1 Qd1+ 44.Kg2 Qg4+ 45.Kf1 d2 46.Qd4+ f6 47.Kf2 
Qg3+ 48.Ke2 Qg2+ 0-1

[Event "8th EUR-ch"]
[Site "Dresden GER"]
[Date "2007.04.14"]
[Round "11.14"]
[White "Sakaev, Konstantin"]
[Black "Ftacnik, Lubomir"]
[Result "1-0"]
[WhiteElo "2633"]
[BlackElo "2573"]
[EventDate "2007.04.03"]
[PlyCount "107"]

1.d4 Nf6 2.c4 g6 3.Nc3 d5 4.Qb3 dxc4 5.Qxc4 Bg7 6.e4 O-O 7.Be2 Nfd7 8.Be3 
Nb6 9.Qc5 e5 10.Nf3 exd4 11.Bxd4 Bxd4 12.Nxd4 N8d7 13.Qa5 Qe7 14.O-O Rd8 
15.Rad1 Ne5 16.Nb3 Re8 17.Qc5 Qxc5 18.Nxc5 c6 19.Rd4 Ned7 20.Nb3 a5 21.a3 
Kf8 22.f4 f6 23.h4 Ke7 24.g4 h6 25.Kf2 g5 26.f5 Ne5 27.hxg5 hxg5 28.Rh1 
Rf8 29.Nc5 Nbd7 30.Ne6 Rf7 31.Rh8 Rb8 32.Kg3 b5 33.b4 axb4 34.axb4 Ba6 35.
Rxb8 Nxb8 36.Rd8 Nbd7 37.Ra8 Bb7 38.Ra7 Bc8 39.Rc7 Ba6 40.Ra7 Bc8 41.Rc7 
Ba6 42.Nc5 Rf8 43.Nxd7 Nxd7 44.Rxc6 Bb7 45.Nd5+ Kd8 46.Re6 Bxd5 47.exd5 
Kc7 48.Bxb5 Rb8 49.Bxd7 Kxd7 50.Rxf6 Rxb4 51.Rg6 Rb3+ 52.Kf2 Rb2+ 53.Ke3 
Rb3+ 54.Ke4 1-0

[Event "8th EUR-ch"]
[Site "Dresden GER"]
[Date "2007.04.14"]
[Round "11.19"]
[White "Sedlak, Nikola"]
[Black "Georgiev, Kiril"]
[Result "1/2-1/2"]
[WhiteElo "2575"]
[BlackElo "2660"]
[EventDate "2007.04.03"]
[PlyCount "86"]

1.e4 e5 2.Nf3 Nc6 3.Bb5 Nf6 4.O-O Nxe4 5.d4 Nd6 6.dxe5 Nxb5 7.a4 d6 8.axb5
Nxe5 9.Qe1 Be7 10.Nxe5 dxe5 11.Qxe5 O-O 12.Nc3 Bd6 13.Qh5 Re8 14.Bg5 f6 
15.Be3 Be6 16.Qf3 Qc8 17.Ra4 a5 18.bxa6 Rxa6 19.Rxa6 bxa6 20.Bf4 Bxf4 21.
Qxf4 Qb7 22.Qa4 Bf7 23.b3 c5 24.Nd1 Re4 25.Qa5 c4 26.b4 c3 27.Nxc3 Qxb4 
28.Qxb4 Rxb4 29.Ra1 Rb6 30.Kf1 Kf8 31.Ke2 Ke7 32.Ra5 Kd7 33.Kd2 Rd6+ 34.
Kc1 Kc7 35.Nb5+ axb5 36.Ra7+ Kc6 37.Rxf7 Rd7 38.Rf8 Kc5 39.Rc8+ Kb6 40.h4 
Re7 41.Kd2 Rd7+ 42.Kc3 h6 43.Rg8 Kc5 1/2-1/2

[Event "8th EUR-ch"]
[Site "Dresden GER"]
[Date "2007.04.14"]
[Round "11.21"]
[White "Gashimov, Vugar"]
[Black "Halkias, Stelios"]
[Result "1/2-1/2"]
[WhiteElo "2644"]
[BlackElo "2569"]
[EventDate "2007.04.03"]
[PlyCount "121"]

1.e4 e5 2.Nf3 Nc6 3.Bb5 a6 4.Ba4 d6 5.O-O Bd7 6.c3 g6 7.d4 Bg7 8.h3 Nf6 9.
Re1 O-O 10.Nbd2 Nh5 11.Nf1 Kh8 12.Bb3 h6 13.a4 Qe8 14.a5 Rd8 15.Bd5 Bc8 
16.dxe5 dxe5 17.Qb3 Nf4 18.Be3 Ne6 19.N1d2 f5 20.Nc4 f4 21.Bc1 Nc5 22.Qa3 
Nd7 23.Qa4 Na7 24.Na3 g5 25.Qc4 c6 26.Be6 Qe7 27.Bg4 Nf6 28.Bf5 Ne8 29.Qe2
Nd6 30.Bg4 Bxg4 31.hxg4 Qe6 32.Nd2 Nac8 33.Nc2 Ne7 34.b3 Ng6 35.Ba3 Rf7 
36.Rad1 Nb5 37.Bb2 Rg8 38.c4 Nd4 39.Nxd4 exd4 40.c5 Rd8 41.Nf3 Ne5 42.Nxe5
Bxe5 43.Qc4 Qf6 44.Rd3 Rfd7 45.Red1 Kg7 46.Kf1 Kf8 47.Ke2 Qg6 48.f3 Qf6 
49.Kd2 Kg7 50.Kc2 Kh7 51.R3d2 Kg7 52.Kd3 Rh8 53.Rh1 Kf8 54.Rdd1 Ke7 55.Rh5
Kd8 56.Rdh1 Kc8 57.Ra1 Kb8 58.Ra4 Ka8 59.Qc1 Rhh7 60.Qa1 Rd8 61.Qc1 
1/2-1/2

[Event "8th EUR-ch"]
[Site "Dresden GER"]
[Date "2007.04.14"]
[Round "11.26"]
[White "Smirnov, Pavel"]
[Black "Jankovic, Alojzije"]
[Result "0-1"]
[WhiteElo "2631"]
[BlackElo "2541"]
[EventDate "2007.04.03"]
[PlyCount "90"]

1.e4 c5 2.Nf3 d6 3.d4 cxd4 4.Nxd4 Nf6 5.Nc3 Nc6 6.Bg5 e6 7.Qd2 a6 8.O-O-O 
Bd7 9.f3 h6 10.Be3 b5 11.Nxc6 Bxc6 12.Ne2 Bb7 13.Kb1 Qc7 14.h4 Rd8 15.Qe1 
Nd7 16.Nf4 h5 17.Bd4 Rc8 18.Rc1 Ne5 19.Qg3 g6 20.Nd3 Nxd3 21.Bxd3 e5 22.
Be3 d5 23.exd5 Bxd5 24.Rhe1 Be6 25.c4 b4 26.Bg5 Bg7 27.f4 f6 28.Bxg6+ Bf7 
29.Bxf6 Bxf6 30.fxe5 Bg7 31.Bf5 O-O 32.Qg5 Qd8 33.Qxd8 Rfxd8 34.e6 Be8 35.
Rcd1 Rxd1+ 36.Rxd1 Bf6 37.b3 Rd8 38.Rxd8 Bxd8 39.g3 Kg7 40.Bh3 Kf6 41.g4 
Kxe6 42.gxh5+ Ke5 43.h6 Bxh4 44.a3 a5 45.axb4 axb4 0-1

[Event "8th EUR-ch"]
[Site "Dresden GER"]
[Date "2007.04.14"]
[Round "11.27"]
[White "Najer, Evgeniy"]
[Black "Neverov, Valeriy"]
[Result "1-0"]
[WhiteElo "2624"]
[BlackElo "2540"]
[EventDate "2007.04.03"]
[PlyCount "65"]

1.e4 Nf6 2.e5 Nd5 3.d4 d6 4.Nf3 g6 5.c4 Nb6 6.Nc3 Bg7 7.exd6 cxd6 8.h3 O-O
9.Be3 Nc6 10.Qd2 e5 11.d5 Ne7 12.g4 Bd7 13.Ne4 Nbc8 14.Rg1 b5 15.c5 f5 16.
gxf5 Bxf5 17.Nfg5 h6 18.Ne6 Bxe6 19.dxe6 d5 20.O-O-O Qc7 21.Kb1 dxe4 22.
Qd7 Qb8 23.Bg2 a6 24.c6 Ra7 25.Bxa7 Qxa7 26.Qxa7 Nxa7 27.c7 e3 28.fxe3 e4 
29.Bxe4 Rf6 30.Bxg6 Nxg6 31.Rxg6 Rxg6 32.Rd8+ Kh7 33.e7 1-0

[Event "8th EUR-ch"]
[Site "Dresden GER"]
[Date "2007.04.14"]
[Round "11.28"]
[White "Markus, Robert"]
[Black "Postny, Evgeny"]
[Result "1-0"]
[WhiteElo "2567"]
[BlackElo "2622"]
[EventDate "2007.04.03"]
[PlyCount "69"]

1.d4 Nf6 2.c4 e6 3.Nf3 b6 4.g3 Ba6 5.b3 b5 6.cxb5 Bxb5 7.Bg2 Bc6 8.O-O a5 
9.a3 Be7 10.Nc3 Qc8 11.Qc2 Qb7 12.Bg5 h6 13.Bxf6 Bxf6 14.e4 O-O 15.Rab1 
Ra6 16.b4 axb4 17.axb4 Ra3 18.b5 Rxc3 19.Qxc3 Bxe4 20.Ne1 Rc8 21.Bxe4 Qxe4
22.Nf3 c5 23.Qe3 Qf5 24.dxc5 Rxc5 25.Qf4 Qxf4 26.gxf4 Kf8 27.Rfc1 Be7 28.
Ne5 Ke8 29.Nd3 Rxc1+ 30.Rxc1 Kd8 31.Kg2 f6 32.Kf3 Ba3 33.Rc3 Bd6 34.h4 h5 
35.Nc5 1-0

[Event "8th EUR-ch"]
[Site "Dresden GER"]
[Date "2007.04.14"]
[Round "11.29"]
[White "Savchenko, Boris"]
[Black "Riazantsev, Alexander"]
[Result "1/2-1/2"]
[WhiteElo "2583"]
[BlackElo "2621"]
[EventDate "2007.04.03"]
[PlyCount "82"]

1.g3 d5 2.Bg2 Nf6 3.d3 c6 4.Nd2 e5 5.c3 Bd6 6.Qc2 O-O 7.Ngf3 Nbd7 8.O-O 
Re8 9.e4 Qc7 10.Re1 dxe4 11.dxe4 b5 12.Nb3 a5 13.a4 Nc5 14.axb5 cxb5 15.
Bf1 Be6 16.Nxc5 Qxc5 17.Bg5 b4 18.Bxf6 gxf6 19.Nh4 Rec8 20.Qd1 bxc3 21.
bxc3 Bf8 22.Qf3 Bg7 23.c4 a4 24.Nf5 Bxf5 25.exf5 Rd8 26.Red1 Qa5 27.Bg2 
Ra7 28.c5 Rxd1+ 29.Qxd1 Qxc5 30.Rxa4 Rxa4 31.Qxa4 Qc1+ 32.Bf1 Qb1 33.Qd7 
Bf8 34.h4 Kg7 35.Kg2 Qe4+ 36.Kh2 Qc2 37.Kh3 Qc5 38.Qb7 Qc2 39.Bb5 Qxf5+ 
40.Kg2 Bc5 41.Qf3 Qg6 1/2-1/2

[Event "8th EUR-ch"]
[Site "Dresden GER"]
[Date "2007.04.14"]
[Round "11.33"]
[White "Iordachescu, Viorel"]
[Black "Meier, Georg"]
[Result "0-1"]
[WhiteElo "2587"]
[BlackElo "2506"]
[EventDate "2007.04.03"]
[PlyCount "123"]

1.e4 e6 2.d4 d5 3.Nd2 dxe4 4.Nxe4 Nd7 5.Nf3 Ngf6 6.Bg5 h6 7.Nxf6+ Nxf6 8.
Be3 Nd5 9.Bd2 c5 10.Bb5+ Bd7 11.Bxd7+ Qxd7 12.c4 Nb6 13.Rc1 Be7 14.dxc5 
Bxc5 15.b4 Be7 16.c5 Nd5 17.Ne5 Qc7 18.Qa4+ Kf8 19.Nc4 g6 20.O-O Kg7 21.
Qb3 Rhd8 22.Rfe1 Rac8 23.g3 b6 24.cxb6 axb6 25.Ne5 Qb7 26.b5 Rxc1 27.Bxc1 
Ra8 28.a4 h5 29.Nc6 Bf6 30.Bd2 Qc7 31.h4 Qd6 32.Rc1 Kh7 33.Rc4 Qd7 34.Qd3 
Kg7 35.Qf3 Rc8 36.Bg5 Bxg5 37.hxg5 Rc7 38.Qe4 Qd6 39.Qd4+ Kh7 40.Qb2 Qf8 
41.Qe5 Qa3 42.Kg2 Qa2 43.Rd4 Rc8 44.Qe4 Qb2 45.Rxd5 exd5 46.Qxd5 Kg7 47.
Ne5 Rc7 48.Nc4 Qc3 49.Nxb6 Rc5 50.Qf3 Qxf3+ 51.Kxf3 Rxg5 52.Ke4 Kf6 53.f4 
Rxg3 54.Nd5+ Ke6 55.b6 h4 56.f5+ gxf5+ 57.Kd4 h3 58.Kc5 h2 59.b7 Rb3 60.
Nb6 h1=Q 61.b8=Q Qc1+ 62.Kd4 0-1

[Event "8th EUR-ch"]
[Site "Dresden GER"]
[Date "2007.04.14"]
[Round "11.35"]
[White "Kuzubov, Yuriy"]
[Black "Hera, Imre"]
[Result "0-1"]
[WhiteElo "2545"]
[BlackElo "2477"]
[EventDate "2007.04.03"]
[PlyCount "110"]

1.d4 d5 2.c4 dxc4 3.Nf3 Nf6 4.e3 Bg4 5.Bxc4 e6 6.O-O a6 7.h3 Bh5 8.Qb3 
Bxf3 9.gxf3 Nc6 10.Be2 Rb8 11.Nc3 Bd6 12.f4 O-O 13.Bf3 Nd7 14.Rd1 Qh4 15.
Bg2 Ne7 16.Ne4 Nf6 17.Ng5 Ng6 18.Qc2 Qh5 19.Bf3 Qh4 20.Kg2 Nd5 21.Be4 Qh5 
22.Nf3 f5 23.Bxd5 exd5 24.Rg1 Rf6 25.Qd1 Re8 26.Bd2 Nh4+ 27.Nxh4 Qxh4 28.
Qf3 Rg6+ 29.Kh2 c6 30.Kh1 Ree6 31.Ba5 Kf7 32.a4 Rh6 33.Rg5 Reg6 34.Rxg6 
hxg6 35.Kg2 Rh5 36.Rc1 g5 37.fxg5 Rxg5+ 38.Kf1 Qe4 39.Ke2 g6 40.b4 Rh5 41.
b5 axb5 42.axb5 cxb5 43.Qxe4 dxe4 44.Rb1 f4 45.exf4 b4 46.Bd8 Rxh3 47.d5 
Rd3 48.Bb6 Kf6 49.Rd1 Rxd1 50.Kxd1 Bxf4 51.Kc2 Bd6 52.Kb3 g5 53.Kc4 g4 54.
Bd4+ Kf5 55.Be3 Ke5 0-1

[Event "8th EUR-ch"]
[Site "Dresden GER"]
[Date "2007.04.14"]
[Round "11.36"]
[White "Areshchenko, Alexander"]
[Black "Holzke, Frank"]
[Result "1-0"]
[WhiteElo "2647"]
[BlackElo "2467"]
[EventDate "2007.04.03"]
[PlyCount "61"]

1.e4 e5 2.Nf3 Nc6 3.Bc4 Bc5 4.c3 Nf6 5.d3 d6 6.Bb3 a6 7.O-O Ba7 8.Nbd2 O-O
9.h3 h6 10.Re1 Be6 11.Bc2 d5 12.exd5 Qxd5 13.Nf1 Rfe8 14.Ng3 Rad8 15.Bd2 
Qd6 16.Qe2 Bxh3 17.gxh3 e4 18.Nf5 exf3 19.Qxe8+ Nxe8 20.Nxd6 Nxd6 21.d4 f5
22.Bf4 Kf8 23.Re3 Bxd4 24.cxd4 Nxd4 25.Bxd6+ Rxd6 26.Bd1 f4 27.Rd3 c5 28.
Kf1 c4 29.Rd2 Ke7 30.Rc1 b5 31.b3 1-0

[Event "8th EUR-ch"]
[Site "Dresden GER"]
[Date "2007.04.14"]
[Round "11.40"]
[White "Movsesian, Sergei"]
[Black "Bobras, Piotr"]
[Result "1/2-1/2"]
[WhiteElo "2642"]
[BlackElo "2545"]
[EventDate "2007.04.03"]
[PlyCount "21"]

1.Nf3 Nf6 2.g3 g6 3.Bg2 Bg7 4.O-O O-O 5.c4 d6 6.Nc3 e5 7.d3 Nc6 8.Rb1 a5 
9.a3 Re8 10.b4 axb4 11.axb4 1/2-1/2

[Event "8th EUR-ch"]
[Site "Dresden GER"]
[Date "2007.04.14"]
[Round "11.44"]
[White "Romanishin, Oleg"]
[Black "Bocharov, Dmitry"]
[Result "1/2-1/2"]
[WhiteElo "2542"]
[BlackElo "2614"]
[EventDate "2007.04.03"]
[PlyCount "115"]

1.d4 Nf6 2.Nf3 e6 3.g3 b5 4.Bg2 d5 5.O-O Be7 6.Ne5 O-O 7.c3 c5 8.dxc5 Bxc5
9.Nd2 Bb7 10.a4 Bd6 11.Nd3 bxa4 12.Qxa4 Nbd7 13.Nb3 Nb6 14.Qb5 Qc8 15.Bf4 
Bc6 16.Qa6 Bxf4 17.Qxc8 Rfxc8 18.gxf4 g6 19.Nd4 Bb7 20.Ra5 Nfd7 21.Rfa1 a6
22.e3 Rab8 23.Bf1 Nc4 24.R5a2 a5 25.Nc1 a4 26.Rxa4 Nxb2 27.Rb4 Nc4 28.Ra7 
Nd6 29.Nd3 Rxc3 30.Ne5 Nc5 31.Nb5 Nxb5 32.Rxb5 Rc1 33.Nc6 Re8 34.Nd4 Re7 
35.Rb6 Kf8 36.Kg2 Bc8 37.Ra8 Re8 38.Ra7 Nd7 39.Rc6 Rxc6 40.Nxc6 Nc5 41.Rc7
Ne4 42.Ne5 Nd6 43.f3 Rd8 44.Bd3 Ke8 45.h4 Bd7 46.h5 f6 47.hxg6 fxe5 48.
fxe5 Nc4 49.gxh7 Ke7 50.Bxc4 dxc4 51.Rxc4 Rh8 52.Rh4 Kf7 53.e4 Kg7 54.f4 
Be8 55.Rg4+ Kf7 56.Rh4 Kg7 57.Rg4+ Kf7 58.Rh4 1/2-1/2

[Event "8th EUR-ch"]
[Site "Dresden GER"]
[Date "2007.04.14"]
[Round "11.45"]
[White "Kozul, Zdenko"]
[Black "Mista, Aleksander"]
[Result "1/2-1/2"]
[WhiteElo "2610"]
[BlackElo "2532"]
[EventDate "2007.04.03"]
[PlyCount "111"]

1.d4 d5 2.c4 dxc4 3.Nf3 Nf6 4.e3 e6 5.Bxc4 c5 6.O-O a6 7.dxc5 Qxd1 8.Rxd1 
Bxc5 9.Be2 Nbd7 10.b3 b6 11.Bb2 Bb7 12.Nbd2 O-O 13.Ne1 Rac8 14.Bf3 Bxf3 
15.Ndxf3 Rfd8 16.Kf1 Kf8 17.Rac1 Be7 18.Ke2 g6 19.h3 h5 20.Nd3 Bd6 21.Nde5
Nxe5 22.Nxe5 Bxe5 23.Bxe5 Ne4 24.f3 f6 25.Bd4 Ng3+ 26.Ke1 Nf5 27.Bxb6 
Rxd1+ 28.Rxd1 Rc2 29.a4 Nh4 30.Rd3 Rxg2 31.e4 Rh2 32.Bc5+ Ke8 33.b4 Rxh3 
34.Ke2 Rh2+ 35.Bf2 Ng2 36.Rd6 Nf4+ 37.Ke3 g5 38.Rxa6 Rh1 39.Bg3 Rb1 40.
Bxf4 Rb3+ 41.Kf2 gxf4 42.Rxe6+ Kf7 43.Rb6 Rb2+ 44.Kg1 Rb1+ 45.Kg2 Rb2+ 46.
Kh3 Rf2 47.a5 Rxf3+ 48.Kg2 Ra3 49.Rb8 h4 50.b5 f3+ 51.Kf2 h3 52.Kg3 Ra1 
53.e5 fxe5 54.Kxf3 e4+ 55.Kxe4 Kg7 56.Rb7+ 1/2-1/2

[Event "8th EUR-ch"]
[Site "Dresden GER"]
[Date "2007.04.14"]
[Round "11.46"]
[White "Evdokimov, Alexander"]
[Black "Alexandrov, Alexei"]
[Result "1/2-1/2"]
[WhiteElo "2530"]
[BlackElo "2609"]
[EventDate "2007.04.03"]
[PlyCount "35"]

1.d4 Nf6 2.c4 e6 3.Nf3 d5 4.Nc3 Bb4 5.cxd5 exd5 6.Bg5 Nbd7 7.Qc2 c5 8.dxc5
h6 9.Bxf6 Qxf6 10.O-O-O Bxc3 11.Qxc3 Qxc3+ 12.bxc3 Nf6 13.e3 Bd7 14.Ne5 
Rc8 15.c6 Bxc6 16.Nxc6 bxc6 17.Bd3 Ke7 18.Rhe1 1/2-1/2

[Event "8th EUR-ch"]
[Site "Dresden GER"]
[Date "2007.04.14"]
[Round "11.47"]
[White "Sulskis, Sarunas"]
[Black "Predojevic, Borki"]
[Result "1/2-1/2"]
[WhiteElo "2528"]
[BlackElo "2609"]
[EventDate "2007.04.03"]
[PlyCount "82"]

1.e4 c5 2.Nf3 d6 3.d4 cxd4 4.Nxd4 Nf6 5.Nc3 Bd7 6.Bc4 e6 7.O-O Nc6 8.f4 
Be7 9.f5 Qc8 10.fxe6 fxe6 11.Kh1 Na5 12.Bd3 O-O 13.e5 dxe5 14.Nf3 Nc6 15.
Ng5 h6 16.Nge4 Nxe4 17.Rxf8+ Qxf8 18.Bxe4 Rd8 19.Be3 Bc5 20.Bxc5 Qxc5 21.
Qg4 Ne7 22.Rd1 Rf8 23.Ne2 Bc8 24.Ng3 Nf5 25.Qe2 b6 26.c3 Qe7 27.Bc2 Nxg3+ 
28.hxg3 Qg5 29.Qd3 Qf5 30.Qe2 Qg5 31.Qd3 Qf5 32.Qe2 Qf2 33.Qd3 Qf5 34.Qe2 
Qf2 35.Qxf2 Rxf2 36.Bg6 Rf6 37.Rd8+ Rf8 38.Rd6 Rf6 39.Rd8+ Rf8 40.Rd6 Rf6 
41.Rd8+ Rf8 1/2-1/2

[Event "8th EUR-ch"]
[Site "Dresden GER"]
[Date "2007.04.14"]
[Round "11.49"]
[White "Nepomniachtchi, Ian"]
[Black "Arutinian, David"]
[Result "1/2-1/2"]
[WhiteElo "2602"]
[BlackElo "2544"]
[EventDate "2007.04.03"]
[PlyCount "75"]

1.Nf3 Nf6 2.c4 e6 3.Nc3 d5 4.d4 Bb4 5.e3 O-O 6.Bd3 c5 7.O-O cxd4 8.exd4 
dxc4 9.Bxc4 b6 10.Re1 Bb7 11.Bg5 Bxc3 12.bxc3 Nbd7 13.Bb3 Qc7 14.c4 Qd6 
15.Bh4 Bxf3 16.gxf3 Nh5 17.Qd2 Rfe8 18.Qg5 Ndf6 19.Rad1 h6 20.Qe3 Red8 21.
Kh1 Kf8 22.Rg1 Qf4 23.Bg3 Nxg3+ 24.hxg3 Qc7 25.Rc1 Rac8 26.Rgd1 Qe7 27.Kg2
Rc7 28.f4 Qb4 29.Rb1 Qd6 30.Qe5 Ng4 31.Qe2 Nf6 32.f3 Qd7 33.Rbc1 Qc8 34.
Qe5 Nd7 35.Qb5 Nf6 36.Qb4+ Kg8 37.Rc2 Ne8 38.c5 1/2-1/2

[Event "8th EUR-ch"]
[Site "Dresden GER"]
[Date "2007.04.14"]
[Round "11.51"]
[White "Andriasian, Zaven"]
[Black "Nataf, Igor-Alexandre"]
[Result "1/2-1/2"]
[WhiteElo "2523"]
[BlackElo "2596"]
[EventDate "2007.04.03"]
[PlyCount "45"]

1.e4 c5 2.Nf3 e6 3.d4 cxd4 4.Nxd4 Nf6 5.Nc3 Nc6 6.Ndb5 d6 7.Bf4 e5 8.Bg5 
a6 9.Na3 b5 10.Nd5 Be7 11.Bxf6 Bxf6 12.c3 Bg5 13.Nc2 O-O 14.a4 bxa4 15.
Rxa4 a5 16.Bc4 Rb8 17.b3 Kh8 18.Nce3 Bxe3 19.Nxe3 Ne7 20.O-O f5 21.exf5 
Bxf5 22.Nxf5 Rxf5 23.Bd3 1/2-1/2

[Event "8th EUR-ch"]
[Site "Dresden GER"]
[Date "2007.04.14"]
[Round "11.53"]
[White "Lobzhanidze, Davit"]
[Black "Kacheishvili, Giorgi"]
[Result "0-1"]
[WhiteElo "2450"]
[BlackElo "2587"]
[EventDate "2007.04.03"]
[PlyCount "86"]

1.e4 c5 2.Nf3 d6 3.d4 cxd4 4.Nxd4 Nf6 5.Nc3 Nc6 6.Be2 g6 7.O-O Bg7 8.Nb3 
O-O 9.Bg5 Be6 10.Qd2 Rc8 11.Rfe1 Ne5 12.Bf1 Bc4 13.Bxf6 Bxf6 14.Nd5 Bxd5 
15.exd5 Nc4 16.Bxc4 Rxc4 17.Qd3 b5 18.c3 Qb6 19.Nd2 Rc7 20.a3 a5 21.Re4 
Qb7 22.Rd1 Rb8 23.h4 Qa8 24.h5 b4 25.axb4 axb4 26.hxg6 hxg6 27.Rxb4 Rxb4 
28.cxb4 Qa4 29.Ne4 Bxb2 30.b5 Rc4 31.Rb1 Rxe4 32.Rxb2 Re1+ 33.Kh2 Qf4+ 34.
Qg3 Qc1 35.Qb3 Qf4+ 36.Qg3 Qh6+ 37.Qh3 Qc1 38.Qb3 Rh1+ 39.Kg3 Qg5+ 40.Kf3 
Qf5+ 41.Kg3 g5 42.Qe3 Re1 43.Qd2 Re2 0-1

[Event "8th EUR-ch"]
[Site "Dresden GER"]
[Date "2007.04.14"]
[Round "11.57"]
[White "Buhmann, Rainer"]
[Black "Ragger, Markus"]
[Result "0-1"]
[WhiteElo "2581"]
[BlackElo "2498"]
[EventDate "2007.04.03"]
[PlyCount "76"]

1.Nf3 d5 2.d4 Nf6 3.c4 e6 4.g3 dxc4 5.Bg2 a6 6.O-O b5 7.Ne5 Nd5 8.e4 Nf6 
9.a4 Bb7 10.axb5 axb5 11.Rxa8 Bxa8 12.b3 c3 13.Nxc3 b4 14.Na4 Bxe4 15.Bxe4
Nxe4 16.Qh5 g6 17.Qe2 Qd5 18.Ng4 Bg7 19.Ne3 Qb7 20.d5 O-O 21.dxe6 Ng5 22.
exf7+ Rxf7 23.Ng2 Nf3+ 24.Kh1 Qc8 25.Bf4 Nd4 26.Qc4 g5 27.Be3 Nf3 28.Ne1 
Ne5 29.Qe4 Qa6 30.Rg1 Qe2 31.Qc2 Qh5 32.f4 Ng4 33.Bc5 Nd7 34.Nd3 Nxc5 35.
Naxc5 Ne3 36.g4 Qg6 37.Qe2 Qc6+ 38.Rg2 gxf4 0-1

[Event "8th EUR-ch"]
[Site "Dresden GER"]
[Date "2007.04.14"]
[Round "11.58"]
[White "Petrosian, Tigran"]
[Black "Gordon, Stephen"]
[Result "1-0"]
[WhiteElo "2580"]
[BlackElo "2490"]
[EventDate "2007.04.03"]
[PlyCount "95"]

1.e4 c5 2.Nc3 a6 3.f4 b5 4.Nf3 Bb7 5.d3 e6 6.g4 d5 7.Bg2 b4 8.Ne2 Nf6 9.
Ne5 Nbd7 10.Nxd7 Nxd7 11.Ng3 dxe4 12.O-O Qb6 13.dxe4 c4+ 14.Kh1 Bc5 15.Qe2
O-O 16.c3 a5 17.Bd2 Rfc8 18.g5 Bf8 19.Be3 Bc5 20.Bd2 Bf8 21.Rad1 Nc5 22.
Be3 Qc6 23.Bd4 Nd3 24.Nh5 a4 25.a3 bxa3 26.bxa3 Ra5 27.Qg4 Rd8 28.Rd2 e5 
29.fxe5 Bc8 30.Qh4 Be6 31.Nxg7 Bxg7 32.g6 Rd7 33.Qxh7+ Kf8 34.gxf7 Rxf7 
35.Rxf7+ Kxf7 36.Rd1 Qd7 37.Rf1+ Ke8 38.Bh3 Bxe5 39.Qh6 Nf4 40.Rxf4 Bxf4 
41.Qh8+ Ke7 42.Qf6+ Ke8 43.Bxe6 Qc7 44.Qg6+ Ke7 45.Qf6+ Ke8 46.Bb6 Qxb6 
47.Qf7+ Kd8 48.Qd7# 1-0

[Event "8th EUR-ch"]
[Site "Dresden GER"]
[Date "2007.04.14"]
[Round "11.59"]
[White "Van den Doel, Erik"]
[Black "Stern, Rene"]
[Result "1/2-1/2"]
[WhiteElo "2580"]
[BlackElo "2476"]
[EventDate "2007.04.03"]
[PlyCount "120"]

1.e4 e5 2.Nf3 Nc6 3.Bb5 a6 4.Ba4 Nf6 5.O-O Be7 6.Re1 b5 7.Bb3 O-O 8.a3 d6 
9.c3 h6 10.d4 Bg4 11.d5 Na5 12.Ba2 c5 13.b3 Nh7 14.h3 Bd7 15.Nbd2 Nb7 16.
Nf1 f5 17.exf5 Bxf5 18.Ng3 Bg6 19.Bb1 Qe8 20.Be3 Nd8 21.Bxg6 Qxg6 22.a4 
Nf7 23.axb5 axb5 24.Qe2 Rxa1 25.Rxa1 Bf6 26.Rc1 Rb8 27.Nd2 b4 28.cxb4 Rxb4
29.Rc4 Rxc4 30.bxc4 Bh4 31.Nge4 Nf6 32.Qd3 Nxe4 33.Nxe4 Kh7 34.Kf1 Bg5 35.
Nxg5+ Nxg5 36.Qxg6+ Kxg6 37.Ke2 h5 38.Kd3 Kf5 39.Bd2 e4+ 40.Ke2 Nf7 41.Ba5
g5 42.Kd2 Ne5 43.Kc3 Ng6 44.g3 Ne5 45.Kb3 Nf3 46.Bd8 g4 47.h4 Nd4+ 48.Ka4 
e3 49.fxe3 Nc2 50.Be7 Nxe3 51.Kb5 Ke5 52.Bf8 Nf5 53.Kc6 Nd4+ 54.Kd7 Nf5 
55.Be7 Kd4 56.Bxd6 Kxc4 57.Ke6 Ne3 58.Kf6 Kxd5 59.Bxc5 Kxc5 60.Kg5 Nf1 
1/2-1/2

[Event "8th EUR-ch"]
[Site "Dresden GER"]
[Date "2007.04.14"]
[Round "11.63"]
[White "Chuchelov, Vladimir"]
[Black "Sargissian, Gabriel"]
[Result "0-1"]
[WhiteElo "2539"]
[BlackElo "2651"]
[EventDate "2007.04.03"]
[PlyCount "52"]

1.Nf3 Nf6 2.c4 e6 3.g3 d5 4.d4 Bb4+ 5.Bd2 Be7 6.Bg2 O-O 7.O-O c6 8.Bf4 
Nbd7 9.Qb3 a5 10.a4 b6 11.Nc3 Ba6 12.Nd2 Rc8 13.Rfd1 c5 14.dxc5 d4 15.c6 
Nc5 16.c7 Qxc7 17.Bxc7 Nxb3 18.Nxb3 dxc3 19.Bxb6 Bxc4 20.Nxa5 cxb2 21.Rab1
Bxe2 22.Nc6 Rxc6 23.Bxc6 Bxd1 24.Rxb2 Rc8 25.Bb7 Rc1 26.Be3 Ra1 0-1

[Event "8th EUR-ch"]
[Site "Dresden GER"]
[Date "2007.04.14"]
[Round "11.67"]
[White "Moiseenko, Alexander"]
[Black "Pashikian, Arman"]
[Result "1-0"]
[WhiteElo "2630"]
[BlackElo "2538"]
[EventDate "2007.04.03"]
[PlyCount "55"]

1.d4 Nf6 2.c4 e6 3.Nc3 Bb4 4.g3 O-O 5.Bg2 d5 6.Nf3 dxc4 7.O-O Bd7 8.Ne5 
Bc6 9.Nxc6 Nxc6 10.Qa4 Rb8 11.Rd1 Qd7 12.Qb5 Bxc3 13.bxc3 e5 14.Qxc4 Rfe8 
15.Bg5 Na5 16.Qb4 Nc6 17.Qa4 exd4 18.Bxf6 gxf6 19.Rxd4 Qe6 20.Re4 Qd6 21.
Rg4+ Kh8 22.Rd1 Qe5 23.Bxc6 bxc6 24.Qxc6 Rb2 25.Rd5 Qe7 26.Rd7 Qe5 27.Rxf7
Rxe2 28.Qd7 1-0